أيام العرب في الإسلام / (Record no. 61597)
[ view plain ]
| 000 -LEADER | |
|---|---|
| fixed length control field | 00562nam a22001937a 4500 |
| 005 - DATE AND TIME OF LATEST TRANSACTION | |
| control field | 20251108171742.0 |
| 008 - FIXED-LENGTH DATA ELEMENTS--GENERAL INFORMATION | |
| fixed length control field | 250721s1974 xx 000 0 ara d |
| 082 14 - DEWEY DECIMAL CLASSIFICATION NUMBER | |
| Classification number | م/956.02/محم |
| 100 1# - MAIN ENTRY--PERSONAL NAME | |
| Personal name | إبراهيم، محمد أبو الفضل |
| 245 10 - TITLE STATEMENT | |
| Title | أيام العرب في الإسلام / |
| 264 ## - PRODUCTION, PUBLICATION, DISTRIBUTION, MANUFACTURE, AND COPYRIGHT NOTICE | |
| Name of producer, publisher, distributor, manufacturer | دار الفكر، |
| Date of production, publication, distribution, manufacture, or copyright notice | 1974. |
| 300 ## - PHYSICAL DESCRIPTION | |
| Extent | 532ص |
| 650 17 - SUBJECT ADDED ENTRY--TOPICAL TERM | |
| Topical term or geographic name as entry element | العالم العربي |
| 650 17 - SUBJECT ADDED ENTRY--TOPICAL TERM | |
| Topical term or geographic name as entry element | التاريخ |
| 650 17 - SUBJECT ADDED ENTRY--TOPICAL TERM | |
| Topical term or geographic name as entry element | عصر الإسلام |
| 700 1# - ADDED ENTRY--PERSONAL NAME | |
| Personal name | البجاوي، علي محمد |
| 942 ## - ADDED ENTRY ELEMENTS (KOHA) | |
| Source of classification or shelving scheme | Dewey Decimal Classification |
| Koha item type | References |
| حالة السحب | حالة الفقدان | مصدر التصنيف | حالة التلف | غير قابل للإعارة | المكتبة الرئيسية | المكتبة الحالية | موقع الرف | تاريخ التزويد | الرقم المتسلسل | Total Checkouts | رقم الإستدعاء | الباركود | تاريخ آخر ظهور | تاريخ الفاتورة | نوع المادة (كوها) |
|---|---|---|---|---|---|---|---|---|---|---|---|---|---|---|---|
| Dewey Decimal Classification | Not For Loan | مكتبة البراعم الواعدة | مكتبة البراعم الواعدة | مراجع | 24/06/2018 | 1653712 | م/956.02/محم | PLD00422442 | 28/07/2025 | 24/06/2018 | References |